El desafío posmoderno : la fe en un mundo sin fronteras / Salvador Dellutri. (Registro nro. 43676)
[ vista simple ]
| 000 -LÍDER | |
|---|---|
| Campo fijo de descripción fija | 007220000a22001930004500 |
| 020 ## - NÚMERO INTERNACIONAL NORMALIZADO PARA LIBROS | |
| Número Internacional Normalizado del libro | 9972-849-08-2, |
| -- | 4.000 |
| 082 04 - NÚMERO DE CLASIFICACIÓN DECIMAL DEWEY | |
| Número de clasificación | G 261 D358d |
| 001 - NÚMERO DE CONTROL | |
| Campo de control | 14857 |
| 100 1# - ASIENTO PRINCIPAL--NOMBRE PERSONAL | |
| Nombre personal | Dellutri, Salvador |
| 245 10 - TÍTULO | |
| Título del Material | El desafío posmoderno : la fe en un mundo sin fronteras / Salvador Dellutri. |
| 260 ## - PUBLICACIÓN, DISTRIBUCIÓN, ETC. (PIE DE IMPRENTA) | |
| Lugar de publicación, distribución, etc. | Brasil : Verbo Vivo |
| 300 ## - DESCRIPCIÓN FÍSICA | |
| Extensión | 96 Pag. |
| 336 ## - CONTENT TYPE | |
| Content type term | texto |
| Content type code | txt |
| Source | rdacontent |
| 337 ## - MEDIA TYPE | |
| Source | rdamedia |
| Media type term | sin mediación |
| Media type code | n |
| 338 ## - CARRIER TYPE | |
| Source | rdacarrier |
| Carrier type term | volumen |
| Carrier type code | nc |
| 505 00 - NOTA DE CONTENIDO | |
| Nota de contenido con formato preestablecido | De la modernidad a la posmodernidad - La espiritualidad posmoderna - La moral dionisíaca - La posmodernidad en la Bíblia - La fe cristiana y posmodernidad. |
| 650 14 - ASIENTO SECUNDARIO DE MATERIA - TERMINO TEMÁTICO | |
| Término temático o nombre geográfico como elemento de entrada | 1.CRISTIANISMO - MODERNIDAD 2.CRISTIANISMO - POSTMODERNISMO |
| 942 ## - TIPO DE MATERIAL (KOHA) | |
| Tipo de Item KOHA | Libros General |
| Estado de Material | Estado de Perdido | Estado de Dañado | No para Préstamo | Colección | Tomo | Biblioteca de Origen | Biblioteca Permanente | Fecha de Adquisición | Total de Préstamos | Total de Renovaciones | Signatura Topográfica | Código de Barras | Prestado | Última vez visto | Última vez Préstado | Ejemplar/Existencia | Fecha de Remplazo | Tipo de Material |
|---|---|---|---|---|---|---|---|---|---|---|---|---|---|---|---|---|---|---|
| Colección General | Biblioteca FUSBC | Biblioteca FUSBC | 12/04/2008 | 4 | 3 | G 261 D358d | 16912 | 24/04/2026 | 19/03/2026 | 19/03/2026 | 1 | 26/01/2016 | Libros General |
